Región Cuyo : Arrieros /

En la soledad de las montañas cuyanas, los arrieros y el traslado de ganado, adaptándose a las alturas, y a las características del entorno geográfico. La ganadería de montaña.

Guardado en:
Autor Corporativo: Canal Encuentro.
Formato: Deslizar
Series:Geografías
Materias:
Etiquetas: Agregar Etiqueta
Sin Etiquetas, Sea el primero en etiquetar este registro!
LEADER 01007ngm a22002775g 4500
001 CEM.cems023083
008 130507b2005##################0###0#####d
005 20241210145202.0
245 1 0 |a Región Cuyo :  |b Arrieros /  |c Canal Encuentro. 
300 |a 15'. 
490 0 |a Geografías 
500 |a Consultar en ventanilla. 
520 |a En la soledad de las montañas cuyanas, los arrieros y el traslado de ganado, adaptándose a las alturas, y a las características del entorno geográfico. La ganadería de montaña. 
538 |a Soporte: DVD - Color: Si - Grabación DRD 2012 
590 |a Identificación SIABUC: DVD Nº 58 - Cargado nuevamente en 982/VAC - ELIMINAR 
110 2 |a Canal Encuentro. 
082 9 1 |/ YUN 
653 |a GEOGRAFIA 
653 |a GEOGRAFIAS 
653 |a GEOGRAFIA ARGENTINA 
653 |a REGIONES 
653 |a REGION CUYANA 
653 |a CUYO 
653 |a REGION DE CUYO 
653 |a ARRIEROS 
859 |a CEMS  |b BIB. CEMS - Depto. Recursos Didacticos  |h 918  |i YUN  |k DRD  |p 1726.12  |t Ej.1